[Event "Logumkloster-chC"]
[Site "Logumkloster"]
[Date "2016.04.26"]
[Round "3"]
[White "Pedersen, Michael"]
[Black "Underbjerg, Niels"]
[Result "1-0"]
[WhiteElo "1192"]
[BlackElo "1130"]
[PlyCount "49"]
[EventDate "2016.04.12"]
[EventType "tourn"]
[EventRounds "5"]
[EventCountry "DEN"]
[SourceTitle "EXT 2023"]
[Source "ChessBase"]
[SourceDate "2022.10.05"]
[SourceVersion "1"]
[SourceVersionDate "2022.10.05"]
[SourceQuality "1"]

1. e4 e5 2. Nf3 Nc6 3. d4 Nxd4 4. Nxe5 Bc5 5. Bc4 Ne6 6. Qf3 Qf6 7. Qxf6 Nxf6 8. f3 a6 9. Nc3 d6 10. Nd3 Ba7 11. Bd2 0-0 12. e5 dxe5 13. Nxe5 Re8 14. 0-0-0 b5 15. Bb3 Rd8 16. f4 Bb7 17. f5 c5 18. fxe6 c4 19. exf7+ Kf8 20. Nxc4 bxc4 21. Bxc4 Bxg2 22. Rhe1 Bf3 23. Ne2 Rd6 24. Bb4 Be3+ 25. Kb1 1-0

[Event "Vojens Sonderjysk EMT C"]
[Site "Vojens"]
[Date "2015.04.28"]
[Round "1"]
[White "Pedersen, Michael"]
[Black "Underbjerg, Niels"]
[Result "1-0"]
[WhiteElo "1162"]
[BlackElo "1229"]
[PlyCount "107"]
[EventDate "2015.04.27"]
[EventType "tourn"]
[EventRounds "7"]
[EventCountry "DEN"]
[SourceTitle "EXT 2023"]
[Source "ChessBase"]
[SourceDate "2022.10.05"]
[SourceVersion "1"]
[SourceVersionDate "2022.10.05"]
[SourceQuality "1"]

1. e4 e5 2. Nf3 Nc6 3. d4 d6 4. d5 Nce7 5. Bb5+ c6 6. dxc6 Nxc6 7. Bc4 Nf6 8. Ng5 d5 9. exd5 Nd4 10. d6 Be6 11. Nxe6 fxe6 12. c3 Nc6 13. Bxe6 Qxd6 14. Qb3 Nd8 15. Qb5+ Nd7 16. Bxd7+ Qxd7 17. Qxe5+ Ne6 18. 0-0 0-0-0 19. Qe2 Bc5 20. b4 Bd6 21. Rd1 Rhe8 22. Bd2 Nf4 23. Qc4+ Qc7 24. Qxc7+ Bxc7 25. Na3 Nd3 26. Be3 Be5 27. Bd4 Bxd4 28. Rxd3 Bxf2+ 29. Kxf2 Rxd3 30. Nb5 Kb8 31. a4 a6 32. Nd4 Rxc3 33. b5 Rd8 34. Rd1 Rc4 35. Nc6+ bxc6 36. Rxd8+ Kc7 37. Rg8 Rg4 38. h3 Rf4+ 39. Ke3 Rf7 40. Re8 cxb5 41. Re6 Rf6 42. Re7+ Kb6 43. axb5 Rg6 44. bxa6 Kxa6 45. g4 h6 46. Rf7 Re6+ 47. Kf4 Rg6 48. h4 Kb5 49. Kf5 Rd6 50. Rxg7 Rd5+ 51. Kg6 Rd6+ 52. Kh7 Kc4 53. Rg6 Rd4 54. Kxh6 1-0

[Event "Vojens Sonderjysk C"]
[Site "Vojens"]
[Date "2011.05.16"]
[Round "3"]
[White "Pedersen, Michael"]
[Black "Jorgensen, Kristine Gejl"]
[Result "1-0"]
[WhiteElo "1199"]
[BlackElo "1038"]
[PlyCount "107"]
[EventDate "2011.05.02"]
[EventType "swiss"]
[EventRounds "7"]
[EventCountry "DEN"]
[SourceTitle "EXT 2023"]
[Source "ChessBase"]
[SourceDate "2022.10.05"]
[SourceVersion "1"]
[SourceVersionDate "2022.10.05"]
[SourceQuality "1"]

1. e4 e5 2. Nf3 Nc6 3. d4 d6 4. d5 Nce7 5. c4 Nf6 6. Bd3 c6 7. 0-0 cxd5 8. cxd5 Ng6 9. Qc2 Bd7 10. Bg5 Be7 11. Na3 0-0 12. Nc4 Rc8 13. Qd2 Bb5 14. Nxd6 Qxd6 15. Bxb5 Nxe4 16. Bxe7 Nxe7 17. Qe3 Qxd5 18. Bd3 Nc5 19. Rad1 e4 20. Bxe4 Qe6 21. Bxh7+ Kxh7 22. Ng5+ Kg8 23. Nxe6 Nxe6 24. Qxa7 Rb8 25. Rd7 Nc6 26. Qb6 Ned8 27. Re1 f6 28. a4 Ne5 29. Rc7 Nd3 30. Ree7 Rf7 31. Rxf7 Nxf7 32. Rxb7 Rxb7 33. Qxb7 Nc5 34. Qc8+ Kh7 35. Qxc5 Ne5 36. b4 Nd7 37. Qh5+ Kg8 38. a5 Kf8 39. b5 Nb8 40. Qh8+ Kf7 41. Qxb8 g5 42. a6 Kg6 43. a7 g4 44. Qg8+ Kf5 45. a8Q Ke5 46. b6 f5 47. Qad5+ Kf6 48. Qgf7+ Kg5 49. Qfxf5+ Kh6 50. Qxg4 Kh7 51. b7 Kh6 52. b8Q Kh7 53. Qbg8+ Kh6 54. Qgh5# 1-0

[Event "Logumkloster-chC"]
[Site "Logumkloster"]
[Date "2011.05.03"]
[Round "4"]
[White "Jensen, Jens Peter"]
[Black "Pedersen, Michael"]
[Result "0-1"]
[WhiteElo "1378"]
[BlackElo "1199"]
[PlyCount "72"]
[EventDate "2011.04.05"]
[EventType "swiss"]
[EventRounds "5"]
[EventCountry "DEN"]
[SourceTitle "EXT 2023"]
[Source "ChessBase"]
[SourceDate "2022.10.05"]
[SourceVersion "1"]
[SourceVersionDate "2022.10.05"]
[SourceQuality "1"]

1. e4 c5 2. Bc4 e6 3. Nc3 Nc6 4. a3 a6 5. Ba2 Nf6 6. Nf3 b5 7. 0-0 Be7 8. d3 0-0 9. h3 Rb8 10. Nh2 b4 11. Ne2 a5 12. f4 Qb6 13. Be3 d5 14. e5 Nd7 15. Ng4 d4 16. Bd2 f6 17. Bxe6+ Kh8 18. exf6 Nxf6 19. Bxc8 Rbxc8 20. Nxf6 Rxf6 21. Ng3 a4 22. Qg4 Rcf8 23. Ne4 Rf5 24. Ng3 R5f6 25. Ne4 Rf5 26. Ng3 R5f6 27. Nh5 Rg6 28. Qe2 Qb7 29. f5 Rd6 30. f6 Bxf6 31. Nxf6 gxf6 32. Bh6 Rg8 33. Bf4 Rd7 34. Qe6 Rf7 35. Bd6 Nd8 36. Qc4 Qxg2# 0-1